[Event "European Rapid 2015"]
[Site "Minsk BLR"]
[Date "2015.12.19"]
[Round "7.15"]
[White "Zvjaginsev, Vadim"]
[Black "Sychev, Klementy"]
[Result "1/2-1/2"]
[WhiteTitle "GM"]
[BlackTitle "IM"]
[WhiteElo "2662"]
[BlackElo "2415"]
[WhiteFideId "4113403"]
[BlackFideId "4114060"]
[EventDate "2015.12.19"]

1. e4 e6 2. d4 d5 3. Nd2 c5 4. exd5 Qxd5 5. Ngf3 cxd4 6. Bc4 Qd6 7. O-O Nf6 8.
Nb3 Nc6 9. Bg5 Bd7 10. Re1 Be7 11. Nbxd4 Nxd4 12. Qxd4 Qxd4 13. Nxd4 Rc8 14. Bf1
Nd5 15. Bxe7 Nxe7 16. Rad1 Rc7 17. f4 g6 18. c4 O-O 19. Nf3 Rfc8 20. Rd2 Be8 21.
b4 Kg7 22. b5 h6 23. a4 Rc5 24. h4 Ng8 25. Re5 R5c7 26. h5 gxh5 27. Rxh5 Nf6 28.
Re5 Nd7 29. Re1 Nb6 30. Ne5 Nxa4 31. Ra1 Nc5 32. Rxa7 Ne4 33. Rd4 Ng3 34. Bd3
Nf5 35. Bxf5 exf5 36. Rd6 f6 37. Nf3 Bf7 38. Rb6 h5 39. Nh4 Bxc4 40. Rbxb7 Rxb7
41. Rxb7+ Kf8 42. b6 Bd5 43. Rd7 Be4 44. Ng6+ Ke8 45. Re7+ Kd8 46. Re6 Rc6 47.
Rxc6 Bxc6 48. Kh2 Be4 49. Kh3 Kd7 50. g3 Kc6 51. Nf8 Kxb6 52. Nd7+ Kc6 53. Nxf6
Kc5 54. Kh4 Kd4 55. Kg5 Ke3 56. Nxe4 fxe4 57. f5 Kd3 58. f6 e3 59. f7 e2 60.
f8=Q e1=Q 61. Qd6+ Kc2 62. Kxh5 Qe2+ 63. g4 Kb1 64. Qb4+ Ka2 65. Qa5+ Kb1 66.
Qf5+ Ka1 67. Kh6 Qd2+ 68. g5 Qe3 69. Qf6+ Kb1 70. Kg7 Qa7+ 71. Qf7 Qd4+ 72. Kh7
Qe3 73. Qf5+ Ka1 74. g6 Qe7+ 75. g7 Qh4+ 76. Kg6 Qg3+ 77. Qg5 Qd3+ 78. Qf5 Qg3+
79. Kf6 Qd6+ 80. Qe6 Qf4+ 81. Kg6 Qg3+ 82. Kf7 Qc7+ 83. Kf6 Qf4+ 84. Ke7 Qc7+
85. Kf8 Qf4+ 86. Ke7 Qc7+ 87. Qd7 Qe5+ 88. Kf7 Qf4+ 89. Kg6 Qg3+ 90. Kh5 Qe5+
91. Kg4 Qe4+ 92. Kg5 Qe5+ 93. Kg6 Qg3+ 94. Kf6 Qf4+ 95. Qf5 Qd6+ 96. Kg5 Qg3+
97. Qg4 Qe5+ 98. Kg6 Qd6+ 99. Kh7 Qc7 100. Qd4+ Ka2 101. Kg6 Qg3+ 102. Kf6 Qf3+
103. Ke5 Qg3+ 104. Ke6 Qg6+ 105. Ke7 Qg5+ 106. Qf6 Qc5+ 107. Qd6 Qg5+ 108. Kf7
Qf5+ 109. Ke8 Qe4+ 110. Kd8 Qh4+ 111. Qe7 Qd4+ 112. Ke8 Qa4+ 113. Kf8 Qa8+ 114.
Qe8 Qa3+ 115. Qe7 Qa8+ 116. Kf7 Qf3+ 117. Qf6 Qb7+ 118. Qe7 Qf3+ 119. Ke8 Qa8+
120. Qd8 Qe4+ 121. Kf7 Qf3+ 122. Qf6 Qb7+ 123. Kg6 Qg2+ 124. Kh7 1/2-1/2

[Event "European Rapid 2015"]
[Site "Minsk BLR"]
[Date "2015.12.19"]
[Round "7.16"]
[White "Lanin, Alexsej"]
[Black "Bortnyk, Olexandr"]
[Result "0-1"]
[WhiteTitle "IM"]
[BlackTitle "GM"]
[WhiteElo "2394"]
[BlackElo "2552"]
[WhiteFideId "4154959"]
[BlackFideId "14120828"]
[EventDate "2015.12.19"]

1. e4 Nf6 2. e5 Nd5 3. d4 d6 4. Nf3 g6 5. Bc4 Nb6 6. Bb3 Bg7 7. Qe2 O-O 8. e6
fxe6 9. h4 Nc6 10. h5 Rxf3 11. Qxf3 Nxd4 12. Qh3 Qe8 13. Nc3 c5 14. Be3 c4 15.
Na4 e5 16. Qh4 cxb3 17. hxg6 Nxc2+ 18. Kd2 Qxg6 19. Bxb6 Nxa1 0-1

[Event "European Rapid 2015"]
[Site "Minsk BLR"]
[Date "2015.12.19"]
[Round "7.17"]
[White "Landa, Konstantin"]
[Black "Girya, Olga"]
[Result "1-0"]
[WhiteTitle "GM"]
[BlackTitle "WGM"]
[WhiteElo "2625"]
[BlackElo "2456"]
[WhiteFideId "4101685"]
[BlackFideId "4195752"]
[EventDate "2015.12.19"]

1. d4 d5 2. Nf3 Nf6 3. c4 c6 4. Qc2 dxc4 5. e4 b5 6. Be2 Bg4 7. Be3 e6 8. Nbd2
Be7 9. O-O O-O 10. a4 Nbd7 11. b3 cxb3 12. Nxb3 bxa4 13. Rxa4 Qc7 14. Rc1 Rfc8
15. Ba6 Rcb8 16. Nfd2 Bh5 17. f3 Rb6 18. Bd3 Bg6 19. Na5 Rc8 20. Rc4 c5 21. Ndb3
Rb5 22. Ra4 Rbb8 23. dxc5 Ne5 24. Ba6 Rd8 25. Qe2 Nc6 26. Bb5 Nxa5 27. Nxa5 Rdc8
28. Nc6 Ra8 29. Bd4 Nh5 30. Be5 Qb7 31. Nxe7+ Qxe7 32. Bd6 Qg5 33. Rac4 Nf4 34.
Qc2 Bh5 35. Bd7 Nh3+ 36. Kh1 Qe3 37. Rf1 Rd8 38. c6 h6 39. Bg3 Ng5 40. Rc3 Qb6
41. Rb1 Qa6 42. h4 Nxf3 43. gxf3 1-0

[Event "European Rapid 2015"]
[Site "Minsk BLR"]
[Date "2015.12.19"]
[Round "7.18"]
[White "Goganov, Aleksey"]
[Black "Potapov, Pavel"]
[Result "0-1"]
[WhiteTitle "GM"]
[BlackTitle "IM"]
[WhiteElo "2597"]
[BlackElo "2476"]
[WhiteFideId "24109959"]
[BlackFideId "4169786"]
[EventDate "2015.12.19"]

1. e4 d5 2. exd5 Qxd5 3. Nc3 Qd6 4. d4 Nf6 5. Nf3 g6 6. Nb5 Qb6 7. c4 c6 8. Nc3
Bg7 9. Be2 O-O 10. O-O Nbd7 11. Qb3 Qc7 12. h3 e5 13. Be3 exd4 14. Bxd4 b6 15.
Rad1 Bb7 16. Be3 Rfe8 17. Rfe1 Ne4 18. Nxe4 Rxe4 19. Qd3 Re7 20. Bg5 Bf6 21.
Bxf6 Nxf6 22. Qd6 Qxd6 23. Rxd6 Kg7 24. Bf1 Rxe1 25. Nxe1 c5 26. f3 Ne8 27. Rd2
Kf8 28. Kf2 Ke7 29. h4 Nc7 30. Nd3 Rd8 31. Ke3 Ne6 32. g4 Rd4 33. b3 f5 34. gxf5
gxf5 35. Ne5 f4+ 36. Ke2 Rxd2+ 37. Kxd2 Nd4 38. Bg2 Kf6 39. Nd3 Bxf3 40. Bh3 Bc6
41. Nxf4 Nf3+ 42. Ke3 Nxh4 43. Nd3 Ng6 44. a4 a5 45. Nc1 h5 46. Ne2 Ke5 47. Bc8
h4 48. Bg4 Ne7 49. Bh3 Nf5+ 50. Kd3 Nd4 0-1

[Event "European Rapid 2015"]
[Site "Minsk BLR"]
[Date "2015.12.19"]
[Round "7.19"]
[White "Andriasian, Zaven"]
[Black "Sarana, Alexey"]
[Result "1-0"]
[WhiteTitle "GM"]
[WhiteElo "2594"]
[BlackElo "2432"]
[WhiteFideId "13302000"]
[BlackFideId "24133795"]
[EventDate "2015.12.19"]

1. Nf3 Nf6 2. g3 g6 3. Bg2 Bg7 4. c4 c6 5. O-O d5 6. d4 dxc4 7. Na3 b5 8. b3
cxb3 9. axb3 O-O 10. Ne5 Nd5 11. Bb2 Bb7 12. Rc1 Qd6 13. Nc2 a5 14. e4 Nb4 15.
Nxb4 axb4 16. Qc2 Rc8 17. Rfd1 Nd7 18. Nd3 e6 19. Nc5 Qc7 20. Nd3 Qb6 21. Nc5
Qc7 22. Nd3 Qb6 23. e5 Bf8 24. Nc5 Nb8 25. h4 Ra2 26. Qb1 Ra7 27. h5 Bh6 28. Rc2
Qd8 29. Bc1 Bxc1 30. Qxc1 Nd7 31. Ne4 c5 32. dxc5 Bxe4 33. Bxe4 Qe7 34. c6 Nxe5
35. Qf4 f6 36. hxg6 hxg6 37. Rcd2 g5 38. Qe3 Nxc6 39. Rd6 Ne5 40. Rxe6 Qxe6 41.
Bd5 Qxd5 42. Rxd5 Ra1+ 43. Kg2 Rcc1 44. Rxe5 fxe5 45. Qxg5+ Kf7 46. Qf5+ Kg8 47.
Qe6+ Kh7 48. Qf7+ Kh8 49. Qe8+ Kh7 50. Qe7+ Kg6 51. Qe6+ Kh7 52. Qxe5 Rg1+ 53.
Kh3 Rh1+ 54. Kg4 Rhb1 55. f4 Rg1 56. Kf5 Ra7 57. g4 Rd1 58. Qe6 Kg7 59. Qe5+ Kh7
60. Qe6 Kg7 61. Qb6 Rad7 62. g5 R1d6 63. Qe3 Kf7 64. Kg4 Rd3 65. Qe4 R3d5 66.
Qxb4 Re7 67. Qc3 Red7 68. Qf6+ Kg8 69. Qe6+ Kg7 70. f5 R5d6 71. Qe5+ Kg8 72.
Qe8+ Kh7 73. g6+ Kh6 74. Qh8+ 1-0

[Event "European Rapid 2015"]
[Site "Minsk BLR"]
[Date "2015.12.19"]
[Round "7.20"]
[White "Grib, Roman"]
[Black "Rozum, Ivan"]
[Result "0-1"]
[WhiteTitle "FM"]
[BlackTitle "GM"]
[WhiteElo "2408"]
[BlackElo "2559"]
[WhiteFideId "13506706"]
[BlackFideId "24104272"]
[EventDate "2015.12.19"]

1. e4 c6 2. Nf3 d5 3. Nc3 Bg4 4. h3 Bxf3 5. Qxf3 e6 6. g3 Nd7 7. Bg2 Ngf6 8. Qe2
dxe4 9. Nxe4 Nxe4 10. Bxe4 Be7 11. O-O O-O 12. d4 Nf6 13. c3 Nxe4 14. Qxe4 Qd5
15. Re1 Rfd8 16. Bf4 Rd7 17. Qc2 Rad8 18. Re5 Qc4 19. Qe2 Qxe2 20. Rxe2 Rd5 21.
Be3 a6 22. Kg2 g6 23. a4 Rc8 24. g4 c5 25. dxc5 Bxc5 26. Bxc5 Rcxc5 27. Rae1 a5
28. Re4 Kf8 29. R1e2 Ke7 30. f4 Kd6 31. Kf2 Rd1 32. Re1 Rcd5 33. Rxd1 Rxd1 34.
Re5 Rd2+ 35. Re2 Rd1 36. Re5 Rd5 37. Re2 Rd1 38. Re5 b6 39. Rb5 Kc6 40. f5 exf5
41. gxf5 Rd5 42. fxg6 fxg6 43. Rb3 g5 44. Ke3 Re5+ 45. Kf3 h5 46. Ra3 Re1 47. b3
Rb1 48. Ke4 Rh1 49. b4 Rxh3 50. bxa5 bxa5 51. Rb3 h4 52. Rb5 Rxc3 53. Rxg5 Rc4+
54. Kd3 Rxa4 55. Rh5 Kd6 56. Kc3 Ke6 57. Kb3 Rb4+ 58. Kc3 Ra4 59. Kb3 Rf4 60.
Rxa5 Kf6 61. Kc3 Rf5 62. Ra6+ Kg5 63. Ra8 Rd5 64. Rg8+ Kf4 65. Rh8 Kg3 66. Rg8+
Kh2 67. Kc4 Rd7 68. Kc3 h3 69. Kc2 Kh1 70. Rg3 h2 71. Rg8 Ra7 72. Kd2 Ra1 73.
Ke2 Rg1 74. Rh8 Kg2 75. Rg8+ Kh3 76. Rh8+ Kg3 77. Rg8+ Kf4 0-1

[Event "European Rapid 2015"]
[Site "Minsk BLR"]
[Date "2015.12.19"]
[Round "7.21"]
[White "Romanov, Evgeny"]
[Black "Pustovoitova, Daria"]
[Result "0-1"]
[WhiteTitle "GM"]
[BlackTitle "FM"]
[WhiteElo "2590"]
[BlackElo "2356"]
[WhiteFideId "4148843"]
[BlackFideId "4182146"]
[EventDate "2015.12.19"]

1. d4 d5 2. Nf3 Nf6 3. c4 c6 4. Nc3 e6 5. Bg5 h6 6. Bxf6 Qxf6 7. e3 Nd7 8. Be2
dxc4 9. Bxc4 Bd6 10. O-O O-O 11. Ne4 Qe7 12. Nxd6 Qxd6 13. e4 Rd8 14. e5 Qe7 15.
Qe2 a5 16. Qe4 Nf8 17. Rac1 Rb8 18. Rc3 b6 19. h4 Bb7 20. Qg4 Rbc8 21. Rd1 c5
22. Rcd3 cxd4 23. b3 Ng6 24. Re1 Bxf3 25. Rxf3 Nxh4 26. Rf4 Nf5 27. Bd3 Qg5 28.
Qxg5 hxg5 29. Rg4 Ne7 30. Rxg5 Rc3 31. Rd1 Nd5 32. Rg3 Nf4 33. Kf1 Rd5 34. Be4
Rxg3 35. fxg3 Rxe5 36. Rxd4 Nd5 37. Kf2 Kf8 38. Bf3 Nb4 39. Rd6 Nxa2 40. Rxb6
Ke7 41. Rb7+ Kf6 42. g4 Nc1 43. Kg3 Re3 44. Kf4 Rxb3 45. g5+ Kg6 46. Rc7 Nd3+
47. Ke4 Nf2+ 48. Kd4 Rb4+ 49. Kc3 Ne4+ 50. Kd3 Nxg5 51. Ba8 Rb5 52. Kc4 Re5 53.
Bc6 f5 54. Kd4 Re2 55. Ra7 Ra2 56. Ke5 Re2+ 57. Kd6 Kf6 58. Rxa5 Ne4+ 59. Kd7
Rd2+ 60. Ke8 Rxg2 61. Ra7 g5 62. Rh7 Rc2 63. Rh6+ Ke5 64. Bd7 Nc5 0-1

[Event "European Rapid 2015"]
[Site "Minsk BLR"]
[Date "2015.12.19"]
[Round "7.22"]
[White "Fedorov, Alexei"]
[Black "Naboka, Sergey"]
[Result "1/2-1/2"]
[WhiteTitle "GM"]
[BlackTitle "FM"]
[WhiteElo "2563"]
[BlackElo "2266"]
[WhiteFideId "13500465"]
[BlackFideId "14123452"]
[EventDate "2015.12.19"]

1. e4 c5 2. d3 e6 3. f4 d5 4. Be2 dxe4 5. dxe4 Qxd1+ 6. Bxd1 Bd7 7. c3 Bc6 8.
Nd2 Nf6 9. Bc2 Be7 10. Ngf3 O-O 11. Ne5 b5 12. a4 a6 13. Nb3 Bb7 14. Be3 c4 15.
Nd4 b4 16. cxb4 Bxb4+ 17. Ke2 Nxe4 18. Nxc4 Nd7 19. a5 Rac8 20. Nb6 Nxb6 21.
axb6 Nd6 22. Bd3 Nc4 23. Bf2 a5 24. Nc2 Be7 25. Rhb1 Bf6 26. Ra2 a4 27. Na3 Nd6
28. g4 e5 29. g5 Bd8 30. fxe5 Re8 31. Kf1 Rxe5 32. h4 Ne4 33. Bxe4 Rxe4 34. Raa1
Rb4 35. Rc1 Bxb6 36. Rxc8+ Bxc8 37. Bxb6 Rxb6 38. Rd1 Ba6+ 39. Kg1 g6 40. Rd4
Rxb2 41. Rxa4 Bd3 42. Nc4 Bxc4 43. Rxc4 Kg7 44. Rf4 Rc2 45. Kf1 Rc5 46. Kg2 Rc6
47. Kg3 f6 48. gxf6+ Rxf6 49. Ra4 Rc6 50. Ra7+ Kh6 51. Kg4 Rc4+ 52. Kg3 Rc3+ 53.
Kg4 Rc1 54. Rb7 Rg1+ 55. Kh3 Rd1 56. Kg4 Rd4+ 57. Kg3 Rd3+ 58. Kg4 Rd4+ 1/2-1/2

[Event "European Rapid 2015"]
[Site "Minsk BLR"]
[Date "2015.12.19"]
[Round "7.23"]
[White "Mikhalevski, Victor"]
[Black "Shkapenko, Pavel"]
[Result "1-0"]
[WhiteTitle "GM"]
[BlackTitle "IM"]
[WhiteElo "2535"]
[BlackElo "2407"]
[WhiteFideId "2801914"]
[BlackFideId "4151933"]
[EventDate "2015.12.19"]

1. c4 Nf6 2. g3 d5 3. cxd5 Qxd5 4. Nf3 Nc6 5. Nc3 Qh5 6. Bg2 Bh3 7. Bxh3 Qxh3 8.
Qb3 Qc8 9. d4 e6 10. O-O Be7 11. e4 O-O 12. Bf4 Rd8 13. Rfd1 Nb4 14. a3 Na6 15.
Rac1 c6 16. Kg2 b6 17. Qc2 Qb7 18. b4 Rac8 19. Ne5 Nb8 20. f3 Nbd7 21. Nc4 Nf8
22. Qb3 Ng6 23. Bg5 Ne8 24. Be3 Nd6 25. Nb2 Ne8 26. h4 Nf6 27. Nc4 Nh5 28. e5 f5
29. Bg5 Bxg5 30. hxg5 Qe7 31. Nd6 Rxd6 32. exd6 Qxd6 33. Ne2 Kh8 34. Rh1 Nxg3
35. Nxg3 Nf4+ 36. Kf1 Qxd4 37. Qc3 Qd8 38. Nh5 Qxg5 39. Nxf4 Qxf4 40. Rd1 Qc7
41. Rd4 e5 42. Rd2 a5 43. Qd3 e4 44. Qd6 Qxd6 45. Rxd6 axb4 46. axb4 exf3 47.
Kf2 h6 48. Rhd1 c5 49. Rd8+ Rxd8 50. Rxd8+ Kh7 51. b5 1-0

[Event "European Rapid 2015"]
[Site "Minsk BLR"]
[Date "2015.12.19"]
[Round "7.24"]
[White "Kochetkov, German"]
[Black "Aleksandrov, Aleksej"]
[Result "0-1"]
[WhiteTitle "IM"]
[BlackTitle "GM"]
[WhiteElo "2338"]
[BlackElo "2615"]
[WhiteFideId "13500635"]
[BlackFideId "13500139"]
[EventDate "2015.12.19"]

1. f4 d5 2. Nf3 Nf6 3. g3 c6 4. Bg2 Qb6 5. d4 Bf5 6. O-O Nbd7 7. Nc3 Ne4 8. Nh4
Nxc3 9. bxc3 e6 10. c4 Be4 11. cxd5 Bxg2 12. Nxg2 cxd5 13. f5 Nf6 14. fxe6 fxe6
15. c4 dxc4 16. e4 O-O-O 17. Be3 Nxe4 18. Qa4 Qa6 19. Qxa6 bxa6 20. Rac1 c3 21.
Rf4 Nf6 22. Rxc3+ Kd7 23. Rb3 Bd6 24. Rf1 Rb8 25. Bg5 Rhf8 26. Rxb8 Bxb8 27. Rb1
Bc7 28. Bxf6 Rxf6 29. Nf4 Bxf4 30. gxf4 Kc6 31. Rc1+ Kd6 32. Kf2 Rxf4+ 33. Ke3
Rh4 34. Rc2 Rh3+ 35. Ke4 h6 36. Rc5 Ra3 37. Rc8 Rxa2 38. h4 Rh2 39. Rd8+ Ke7 40.
Ra8 Rxh4+ 41. Ke5 Rh5+ 42. Ke4 a5 43. Rxa7+ Kf6 44. Ra8 Rb5 45. Rf8+ Ke7 46. Rg8
Kf7 47. Rh8 h5 0-1

[Event "European Rapid 2015"]
[Site "Minsk BLR"]
[Date "2015.12.19"]
[Round "7.25"]
[White "Rakhmanov, Aleksandr"]
[Black "Saveliev, Alexei"]
[Result "1-0"]
[WhiteTitle "GM"]
[WhiteElo "2640"]
[BlackElo "2328"]
[WhiteFideId "4173708"]
[BlackFideId "24128546"]
[EventDate "2015.12.19"]

1. c4 c5 2. Nc3 Nc6 3. g3 e5 4. Bg2 g6 5. e3 Bg7 6. Nge2 Nge7 7. d3 O-O 8. b3 d6
9. Bb2 Kh8 10. Qd2 f5 11. f4 Be6 12. Nd5 Bg8 13. O-O Nxd5 14. cxd5 Ne7 15. e4
Qd7 16. Rac1 Rac8 17. h4 b5 18. Kh2 Rc7 19. Ng1 h6 20. fxe5 dxe5 21. Nf3 Rcc8
22. Nxe5 Qd6 23. Nc4 1-0

[Event "European Rapid 2015"]
[Site "Minsk BLR"]
[Date "2015.12.19"]
[Round "7.29"]
[White "Savchenko, Boris"]
[Black "Olhovik, Andrei"]
[Result "1-0"]
[WhiteTitle "GM"]
[WhiteElo "2612"]
[BlackElo "2308"]
[WhiteFideId "4147332"]
[BlackFideId "13507397"]
[EventDate "2015.12.19"]

1. e4 c5 2. Nf3 Nc6 3. d4 cxd4 4. Nxd4 g6 5. c4 Nf6 6. Nc3 d6 7. Be2 Nxd4 8.
Qxd4 Bg7 9. O-O O-O 10. Bd2 Bd7 11. Qe3 Bc6 12. b4 b6 13. Rac1 e6 14. Bf3 Rc8
15. Rfd1 Qe7 16. a4 Ba8 17. Nb5 a6 18. Nxd6 Qxd6 19. e5 Qc7 20. exf6 Bxf6 21.
Bxa8 Rxa8 22. Qf3 Be5 23. g3 Rfd8 24. Be3 Rac8 25. c5 bxc5 26. Rxc5 Qb8 27. Rxc8
Qxc8 28. Rxd8+ Qxd8 29. b5 axb5 30. axb5 h5 31. b6 Bb8 32. Kg2 e5 33. Bc5 Kg7
34. h4 Qc8 35. Qd5 Kf6 36. Bd6 Qe8 37. f4 Bxd6 38. Qxd6+ 1-0

[Event "European Rapid 2015"]
[Site "Minsk BLR"]
[Date "2015.12.19"]
[Round "7.30"]
[White "Roiz, Michael"]
[Black "Shukh, Nikolai"]
[Result "1-0"]
[WhiteTitle "GM"]
[BlackTitle "IM"]
[WhiteElo "2594"]
[BlackElo "2435"]
[WhiteFideId "2804158"]
[BlackFideId "24102580"]
[EventDate "2015.12.19"]

1. Nf3 g6 2. e4 c5 3. c4 Bg7 4. d4 cxd4 5. Nxd4 Nc6 6. Be3 Nh6 7. h3 f5 8. exf5
Nxf5 9. Nxf5 Qa5+ 10. Nc3 Qxf5 11. Qd2 d6 12. Be2 O-O 13. O-O Be6 14. Rac1 Qa5
15. b3 Rac8 16. Rfe1 Rfd8 17. Bf3 Bf7 18. Bg4 Rb8 19. Bg5 e5 20. Bxd8 Rxd8 21.
Bf3 Qc7 22. Bd5 Nd4 23. Nb5 Qd7 24. Nxd4 Bxd5 25. cxd5 exd4 26. Qg5 Re8 27.
Rxe8+ Qxe8 28. Qg4 Qf7 29. Qe6 Bf8 30. Rc7 1-0

[Event "European Rapid 2015"]
[Site "Minsk BLR"]
[Date "2015.12.19"]
[Round "7.31"]
[White "Grachev, Boris"]
[Black "Grabuzova, Tatiana"]
[Result "1-0"]
[WhiteTitle "GM"]
[BlackTitle "WGM"]
[WhiteElo "2652"]
[BlackElo "2323"]
[WhiteFideId "4129199"]
[BlackFideId "4108752"]
[EventDate "2015.12.19"]

1. d4 e6 2. c4 b6 3. Nf3 Bb7 4. a3 f5 5. Nc3 Nf6 6. g3 Be7 7. Bg2 Ne4 8. Qc2
Nxc3 9. Qxc3 Bf6 10. O-O O-O 11. Rd1 Be4 12. Be3 Qe7 13. Qd2 d6 14. Rac1 Nd7 15.
b4 Rad8 16. Ne1 Bxg2 17. Nxg2 e5 18. dxe5 Bxe5 19. Qc2 g6 20. Qa4 Nf6 21. Bg5
Qg7 22. c5 Rde8 23. Bxf6 Bxf6 24. e3 dxc5 25. bxc5 Rd8 26. Qxa7 Bb2 27. Rb1 Ra8
28. Qb7 Rxa3 29. Nf4 Qe5 30. cxb6 cxb6 31. Nd3 Rxd3 32. Rxd3 1-0

[Event "European Rapid 2015"]
[Site "Minsk BLR"]
[Date "2015.12.19"]
[Round "7.32"]
[White "Savitskiy, Sergey"]
[Black "Sakaev, Konstantin"]
[Result "1-0"]
[WhiteTitle "FM"]
[BlackTitle "GM"]
[WhiteElo "2365"]
[BlackElo "2594"]
[WhiteFideId "24105660"]
[BlackFideId "4104226"]
[EventDate "2015.12.19"]

1. Nf3 Nf6 2. g3 b5 3. Bg2 Bb7 4. O-O e6 5. d3 d5 6. Nbd2 Be7 7. e4 c5 8. e5
Nfd7 9. Re1 Nc6 10. Nf1 h6 11. h4 Qc7 12. Qe2 Nb6 13. c3 a5 14. N1h2 a4 15. a3
Na5 16. Bf4 Nb3 17. Rad1 b4 18. cxb4 cxb4 19. axb4 Bxb4 20. Rf1 Ba6 21. h5 Rc8
22. Nh4 Be7 23. Qg4 Kf8 24. Bh3 Qd7 25. N2f3 d4 26. Rfe1 Bb7 27. Re2 Nd5 28. Bd2
Nb4 29. Bxb4 Bxb4 30. Qf4 Ke8 31. Qg4 Rg8 32. Ne1 Nc1 33. Rc2 Rxc2 34. Nxc2 Qc6
35. Qe4 Qc7 36. Qh7 Ne2+ 37. Kh2 Qxc2 38. Qxg8+ Bf8 39. Ng6 fxg6 40. Qxe6+ Be7
41. Qg8+ Bf8 42. hxg6 Qc7 43. Re1 Nc3 44. bxc3 dxc3 45. Rc1 1-0

[Event "European Rapid 2015"]
[Site "Minsk BLR"]
[Date "2015.12.19"]
[Round "7.33"]
[White "Huzman, Alexander"]
[Black "Meribanov, Vitaly"]
[Result "1-0"]
[WhiteTitle "GM"]
[BlackTitle "IM"]
[WhiteElo "2581"]
[BlackElo "2392"]
[WhiteFideId "2803828"]
[BlackFideId "13504363"]
[EventDate "2015.12.19"]

1. Nf3 Nf6 2. c4 c5 3. Nc3 g6 4. g3 Bg7 5. Bg2 Nc6 6. d4 cxd4 7. Nxd4 O-O 8. O-O
Nxd4 9. Qxd4 d6 10. Qd3 a6 11. Bd2 Rb8 12. a4 Be6 13. b3 Nd7 14. e4 Nc5 15. Qc2
b5 16. axb5 axb5 17. b4 Bxc4 18. bxc5 Bxf1 19. Rxf1 dxc5 20. Bg5 h6 21. Be3 c4
22. Nd5 e6 23. Nb4 Rc8 24. e5 Bxe5 25. Nc6 Qc7 26. Bxh6 Bg7 27. Bxg7 Kxg7 28.
Qb2+ Kg8 29. Qxb5 Qd6 30. Qxc4 Rc7 31. Qe4 Rfc8 32. Ne5 Rc5 33. Nf3 Rc4 34. Qe3
Rc3 35. Qh6 Qf8 36. Qf4 R3c4 37. Qf6 Qg7 38. Qxg7+ Kxg7 39. h4 Rc1 40. Ng5 Rxf1+
41. Bxf1 Rc1 42. Kg2 Ra1 43. Bd3 Ra3 44. Bb5 Ra8 45. f4 Rb8 46. Bc6 Rc8 47. Bf3
Re8 48. Be4 Re7 49. Nf3 Ra7 50. Ne5 Rc7 51. Kh3 Rc3 52. Bg2 Rc7 53. Nc6 Rd7 54.
Bf3 Rc7 55. Kg4 Rd7 56. Ne5 Rc7 57. Kh3 Rc3 58. Kg2 Rc2+ 59. Kf1 Rc3 60. Ke2
Rc2+ 61. Kd3 Rc1 62. Ke3 Rg1 63. Kf2 Rc1 64. Be2 Rc3 65. Bb5 Rc8 66. g4 Rb8 67.
Bd3 Rb2+ 68. Kf3 Rb3 69. Ke3 Rb2 70. Be2 Rb3+ 71. Kf2 Rh3 72. Nf3 Rh1 73. Bf1 1-0

[Event "European Rapid 2015"]
[Site "Minsk BLR"]
[Date "2015.12.19"]
[Round "7.34"]
[White "Tsyhanchuk, Stanislav"]
[Black "Azarov, Sergei"]
[Result "1/2-1/2"]
[WhiteTitle "IM"]
[BlackTitle "GM"]
[WhiteElo "2362"]
[BlackElo "2595"]
[WhiteFideId "13505130"]
[BlackFideId "13501470"]
[EventDate "2015.12.19"]

1. Nf3 d5 2. c4 d4 3. g3 Nc6 4. Bg2 g6 5. d3 Bg7 6. O-O a5 7. Na3 Nf6 8. Nc2 O-O
9. a3 Nd7 10. Bd2 a4 11. Nb4 Nc5 12. Nxc6 bxc6 13. Bb4 Nb3 14. Rb1 c5 15. Nd2
Ra7 16. Nxb3 cxb4 17. Nc5 bxa3 18. Nxa4 Bg4 19. b3 Qd6 20. c5 Qe5 21. Re1 Bd7
22. Ra1 Bxa4 23. Rxa3 Bxb3 24. Qxb3 Qxc5 25. Rxa7 Qxa7 26. Rc1 e6 27. Qb7 Qa2
28. Bf3 Be5 29. Qb5 Qa3 30. Rc4 Bd6 31. Kg2 Qa7 32. Ra4 Rb8 33. Qxb8+ Qxb8 34.
Ra8 Qxa8 35. Bxa8 f5 36. h3 Kf7 37. Bc6 Kf6 38. Bb5 Bb4 39. Bc4 e5 40. Kf3 Be1
41. g4 fxg4+ 42. hxg4 Kg5 43. Bg8 h6 44. Bf7 c5 45. Bd5 Bxf2 46. Kxf2 Kxg4 47.
e3 h5 48. exd4 exd4 49. Kg2 h4 50. Be6+ Kf4 51. Kh3 g5 52. Bd5 Ke3 53. Bc4 Kf3
54. Bd5+ Kf4 55. Be6 Ke3 56. Bc4 Kf4 57. Be6 Kf3 58. Bd5+ Ke2 59. Bc4 Ke3 60.
Bb5 Kf4 61. Bd7 Kf3 62. Bc6+ Kf4 63. Bd7 Kf3 64. Bc6+ Ke3 65. Bb5 Kf4 66. Bd7
Ke5 1/2-1/2

[Event "European Rapid 2015"]
[Site "Minsk BLR"]
[Date "2015.12.19"]
[Round "7.35"]
[White "Efanov, Nikolai"]
[Black "Demidov, Mikhail"]
[Result "0-1"]
[WhiteTitle "IM"]
[BlackTitle "IM"]
[WhiteElo "2399"]
[BlackElo "2485"]
[WhiteFideId "4187997"]
[BlackFideId "4197143"]
[EventDate "2015.12.19"]

1. e4 e6 2. b3 d5 3. Bb2 a6 4. exd5 exd5 5. Nf3 c5 6. Bd3 Qe7+ 7. Be2 Nf6 8. O-O
Qd8 9. d4 cxd4 10. Nxd4 Bc5 11. Bd3 O-O 12. Nf5 Nc6 13. Qf3 Bxf5 14. Qxf5 Bd4
15. Bxd4 Nxd4 16. Qf4 Qb6 17. Nd2 Qb4 18. c4 Ne6 19. Qe3 d4 20. Qe1 Nf4 21. Bf5
Rfe8 22. Ne4 Qb6 23. Nxf6+ Qxf6 24. Qb1 Qc6 25. f3 Re2 26. Rf2 Rxf2 27. Kxf2 d3
28. Bxd3 Qc5+ 29. Kf1 Rd8 30. Bxh7+ Kh8 31. Qf5 Qe3 32. Re1 Rd1 33. Qc8+ Kxh7
34. Qf5+ Kh6 35. Qh3+ Nxh3 0-1

[Event "European Rapid 2015"]
[Site "Minsk BLR"]
[Date "2015.12.19"]
[Round "7.36"]
[White "Zubritskiy, Artyom"]
[Black "Belous, Vladimir"]
[Result "1/2-1/2"]
[WhiteTitle "FM"]
[BlackTitle "GM"]
[WhiteElo "2422"]
[BlackElo "2557"]
[WhiteFideId "4181247"]
[BlackFideId "4174003"]
[EventDate "2015.12.19"]

1. d4 Nf6 2. Nf3 g6 3. c4 Bg7 4. g3 c5 5. Bg2 Qa5+ 6. Nbd2 cxd4 7. Nxd4 Nc6 8.
Nb3 Qc7 9. O-O d6 10. Nf3 O-O 11. c5 dxc5 12. Nxc5 Nb4 13. Nd3 Nxd3 14. Qxd3 Rd8
15. Qa3 Nd5 16. e4 Nb6 17. Bf4 Qd7 18. Rac1 Qb5 19. Qxe7 Re8 20. Qc7 Qxb2 21.
Ng5 Qxa2 22. e5 Rf8 23. Rfd1 Bg4 24. Rd2 Qb3 25. Qxb7 a5 26. Bd5 Qa3 27. Ra2 Qb4
28. Bxf7+ Kh8 29. Bd2 Qb5 30. Bc4 Qxc4 31. Rxc4 Nxc4 32. Nf7+ Rxf7 33. Qxa8+ Rf8
34. Qe4 Nxe5 35. Bf4 Nf3+ 36. Kg2 Nd4 37. Ra3 Bd7 38. Rc3 Ne2 39. Qxe2 Bxc3 40.
Be5+ Bxe5 41. Qxe5+ Kg8 42. Qxa5 Bc6+ 43. Kg1 Bf3 44. Qa2+ Kg7 45. Qb2+ Kg8 46.
h3 h5 47. Qb6 Kh7 48. Qa7+ Kh6 49. Qe3+ Kg7 50. Kh2 Rf5 51. g4 hxg4 52. hxg4
Bxg4 53. Qd4+ Kh6 54. Qxg4 Rh5+ 55. Kg3 1/2-1/2

[Event "European Rapid 2015"]
[Site "Minsk BLR"]
[Date "2015.12.19"]
[Round "7.37"]
[White "Tukhaev, Adam"]
[Black "Krupko, Alexey"]
[Result "1-0"]
[WhiteTitle "GM"]
[BlackTitle "FM"]
[WhiteElo "2564"]
[BlackElo "2274"]
[WhiteFideId "14109476"]
[BlackFideId "14114259"]
[EventDate "2015.12.19"]

1. e4 e6 2. d4 d5 3. e5 c5 4. c3 Qb6 5. Nf3 Nc6 6. Na3 Bd7 7. Nc2 f6 8. Bd3 c4
9. Be2 g6 10. Rb1 Qa5 11. b4 Qc7 12. b5 Nce7 13. h4 h6 14. Ba3 Bg7 15. Bd6 Qa5
16. Bb4 Qd8 17. Qd2 Nc8 18. exf6 Qxf6 19. Ne5 Nge7 20. h5 g5 21. Ne3 Rf8 22. O-O
Kd8 23. a4 Be8 24. Bg4 Nb6 25. g3 Nd7 26. f4 gxf4 27. Rxf4 Qg5 28. Nf3 1-0